Pokémon but it's 2026 - Statistics

General Stats
  • This quiz has been taken 7 times
  • The average score is 142 of 193
Answer Stats
Answer % Correct
bulbasaur
100%
charizard
100%
pikachu
100%
squirtle
100%
arbok
86%
beedrill
86%
blastoise
86%
butterfree
86%
caterpie
86%
charmander
86%
charmeleon
86%
clefable
86%
clefairy
86%
cleffa
86%
crobat
86%
ekans
86%
fearow
86%
golbat
86%
igglybuff
86%
ivysaur
86%
jigglypuff
86%
kakuna
86%
metapod
86%
nidoking
86%
nidoqueen
86%
nidoran
86%
nidorina
86%
nidorino
86%
ninetales
86%
pichu
86%
pidgeot
86%
pidgeotto
86%
pidgey
86%
raichu
86%
raticate
86%
rattata
86%
sandshrew
86%
sandslash
86%
scream tail
86%
spearow
86%
venusaur
86%
vulpix
86%
wartortle
86%
weedle
86%
wigglytuff
86%
zubat
86%
abra
71%
aerodactyl
71%
alakazam
71%
annihilape
71%
arcanine
71%
articuno
71%
bellossom
71%
bellsprout
71%
cubone
71%
dewgong
71%
diglett
71%
dodrio
71%
doduo
71%
dragonair
71%
dragonite
71%
dratini
71%
drowzee
71%
dugtrio
71%
eevee
71%
electabuzz
71%
electrode
71%
elekid
71%
espeon
71%
exeggcute
71%
exeggutor
71%
farfetch'd
71%
flareon
71%
gastly
71%
gengar
71%
geodude
71%
glaceon
71%
gloom
71%
goldeen
71%
golduck
71%
golem
71%
graveler
71%
grimer
71%
growlithe
71%
gyarados
71%
haunter
71%
hitmonchan
71%
hitmonlee
71%
hitmontop
71%
horsea
71%
hypno
71%
jolteon
71%
jynx
71%
kabuto
71%
kabutops
71%
kadabra
71%
kingdra
71%
kleavor
71%
koffing
71%
lapras
71%
leafeon
71%
machamp
71%
machoke
71%
machop
71%
magby
71%
magikarp
71%
magmar
71%
magmortar
71%
magnemite
71%
magneton
71%
magnezone
71%
mankey
71%
marowak
71%
meowth
71%
mew
71%
mewtwo
71%
mime jr.
71%
moltres
71%
mr. mime
71%
mr. rime
71%
muk
71%
munchlax
71%
oddish
71%
omanyte
71%
omastar
71%
onix
71%
paras
71%
parasect
71%
perrserker
71%
persian
71%
pinsir
71%
politoed
71%
poliwag
71%
poliwhirl
71%
poliwrath
71%
ponyta
71%
porygon
71%
porygon2
71%
porygon-z
71%
primeape
71%
psyduck
71%
rapidash
71%
sandy shocks
71%
scizor
71%
scyther
71%
seadra
71%
seaking
71%
seel
71%
sirfetch'd
71%
slowbro
71%
slowking
71%
slowpoke
71%
snorlax
71%
starmie
71%
staryu
71%
steelix
71%
sylveon
71%
tangela
71%
tangrowth
71%
tauros
71%
tentacool
71%
tentacruel
71%
toedscool
71%
toedscruel
71%
tyrogue
71%
umbreon
71%
vaporeon
71%
venomoth
71%
venonat
71%
victreebel
71%
vileplume
71%
voltorb
71%
weepinbell
71%
weezing
71%
wiglett
71%
wugtrio
71%
zapdos
71%
blissey
57%
chansey
57%
ditto
57%
electivire
57%
happiny
57%
kangaskhan
57%
kingler
57%
krabby
57%
lickilicky
57%
lickitung
57%
rhydon
57%
rhyhorn
57%
rhyperior
57%
smoochum
57%
cloyster
43%
shellder
43%
No matching quizzes found
Score Distribution
Percent of People with Each Score
Percentile by Number Answered
Your Score History
You have not taken this quiz